| 000 | 00772cam1a220024100 4500 | ||
|---|---|---|---|
| 001 | qce00956569 | ||
| 005 | 20190826103023.0 | ||
| 008 | 851003s1974 ja ab 001 0 eng | ||
| 010 | _a 74077960 | ||
| 020 | _a0870112317 | ||
| 035 | _a(Sirsi) r61978 | ||
| 035 | _a(QCAT)lss04827089 | ||
| 035 | _a(UPRA)qce00956569 | ||
| 040 | _dUPRA | ||
| 100 | 1 |
_aDelfs, Robert A. _6A21611.1 |
|
| 245 | 1 | 4 |
_aThe good food of Szechwan : _bdown-to-earth Chinese cooking / _cRobert A. Delfs ; photography by Keizo Kaneko. |
| 250 | _a1st ed. | ||
| 260 |
_aTokyo ; New York : _aTokyo ; New York : _bKodansha International, _c1974. |
||
| 500 | _aIncludes index. | ||
| 650 | 0 |
_aCookery, Chinese. _6S15133.1 |
|
| 949 |
_aTX724.505 _wlcc _i-81686 _mMAIN _tBOOK _lON-SHELF |
||
| 004 | 61978 | ||
| 999 |
_c165219 _d165219 |
||